Municipios de Córdoba - Estadísticas

Estadísticas generales
  • Esta prueba ha sido intentada 115 veces
  • La puntuación promedio es 42 de 77
Estadísticas de respuestas
Municipio % Correcto
Lucena
90%
Córdoba
86%
Baena
83%
Montoro
83%
Cabra
81%
Montilla
81%
Pozoblanco
78%
Puente Genil
76%
Palma del Río
75%
Espejo
71%
Fernán-Núñez
71%
Zuheros
71%
La Carlota
69%
Priego de Córdoba
69%
Rute
69%
Villanueva de Córdoba
69%
Villa del Río
68%
Almodóvar del Río
66%
Luque
66%
Monturque
66%
Adamuz
64%
Aguilar de la Frontera
64%
Castro del Río
64%
Moriles
64%
El Carpio
63%
La Rambla
63%
Benamejí
61%
Bujalance
61%
El Viso
61%
Espiel
59%
Doña Mencía
58%
Peñarroya-Pueblonuevo
58%
Posadas
58%
Montemayor
56%
Belmez
54%
Dos Torres
53%
Fuente Obejuna
53%
Fuente Palmera
53%
Hinojosa del Duque
53%
Montalbán de Córdoba
53%
Obejo
53%
Pedro Abad
53%
Hornachuelos
51%
Iznájar
51%
Villaviciosa de Córdoba
51%
Alcaracejos
49%
Añora
49%
Encinas Reales
49%
Guadalcázar
49%
Nueva Carteya
49%
Villafranca de Córdoba
49%
Villaharta
49%
Carcabuey
47%
Villanueva del Duque
47%
Pedroche
46%
Santa Eufemia
44%
Valsequillo
44%
El Guijo
42%
Villanueva del Rey
42%
Almedinilla
41%
Belalcázar
41%
Palenciana
41%
San Sebastián de los Ballesteros
41%
Santaella
41%
Torrecampo
41%
Fuente la Lancha
39%
Conquista
37%
Cardeña
36%
La Victoria
36%
Los Blázquez
36%
Cañete de las Torres
34%
Fuente-Tójar
34%
Valenzuela
34%
Villaralto
34%
Fuente Carreteros
32%
La Granjuela
32%
La Guijarrosa
25%
No se encontraron pruebas coincidentes
Distribución de puntuación
Porcentaje de gente con cada puntuación
Porcentaje por número respondido
Historial de tus puntuaciones
No has intentado esta prueba.